Moves over subsidence (Record no. 64264)

MARC details
000 -LEADER
fixed length control field 00817cam a2200205 4500
001 - CONTROL NUMBER
control field WB3630-04
008 - FIXED-LENGTH DATA ELEMENTS--GENERAL INFORMATION
fixed length control field 000000n2000 000 0 eng u
035 ## - SYSTEM CONTROL NUMBER
System control number (Sirsi) u107523
245 ## - TITLE STATEMENT
Title Moves over subsidence
260 ## - PUBLICATION, DISTRIBUTION, ETC.
Date of publication, distribution, etc. 2000
490 ## - SERIES STATEMENT
Series statement Evening Standard
Volume/sequential designation 31 July 2000, 10(1)
520 ## - SUMMARY, ETC.
Summary, etc. A new study by the Institute of Structural Engineers claims that past panic over subsidence and cracks in house walls may have been over-exaggerated by the insurance and structural industries. The working party is due to publish new guidelines for subsidence which aim to 'bring a sense of reality' to the subject.
590 ## - LOCAL NOTE (RLIN)
Local note WB
650 ## - SUBJECT ADDED ENTRY--TOPICAL TERM
Topical term or geographic name entry element SUBSIDENCE
650 ## - SUBJECT ADDED ENTRY--TOPICAL TERM
Topical term or geographic name entry element CRACKS
650 ## - SUBJECT ADDED ENTRY--TOPICAL TERM
Topical term or geographic name entry element STRUCTURAL ENGINEERS
650 ## - SUBJECT ADDED ENTRY--TOPICAL TERM
Topical term or geographic name entry element STRUCTURAL DAMAGE
690 ## - LOCAL SUBJECT ADDED ENTRY--TOPICAL TERM (OCLC, RLIN)
Topical term or geographic name as entry element BUILT ENVIRONMENT-BUILDING PATHOLOGY
942 ## - ADDED ENTRY ELEMENTS (KOHA)
Suppress in OPAC 0
Holdings
Withdrawn status Lost status Source of classification or shelving scheme Damaged status Not for loan Home library Current library Shelving location Date acquired Total Checkouts Full call number Barcode Date last seen Copy number Price effective from Koha item type
    Dewey Decimal Classification     London London News article 03/08/2000   WB3630-04 107523-1001 06/08/2019 1 06/08/2019 News article